00529nam a22001457a 4500003000400000005001700004008004100021040002900062050002500091100007700116245005800193260002900251300005800280650004500338OSt20230803150721.0230803b |||||||| |||| 00| 0 eng d cChuka University Library aGC 1015.2b.R68 2016 aHance D. Smith, Juan Luis Suarez de Vivero and Tundi S. Agardy (Editors) aRoutledge handbook of ocean resources and management aLondon bRoutledgec2016 a612pbincludes bibliographical references and indexes a1. marine resources - handbooks, manuals